|
|
|
|
| LEADER |
01604nam a2200409 a 4500 |
| 001 |
EBC826937 |
| 003 |
MiAaPQ |
| 005 |
20200520144314.0 |
| 006 |
m o d | |
| 007 |
cr cn||||||||| |
| 008 |
111006s2012 flua sb 001 0 eng d |
| 010 |
|
|
|z 2011041486
|
| 020 |
|
|
|z 9781439841563 (alk. paper)
|
| 020 |
|
|
|a 9781439841624 (electronic bk.)
|
| 035 |
|
|
|a (MiAaPQ)EBC826937
|
| 035 |
|
|
|a (Au-PeEL)EBL826937
|
| 035 |
|
|
|a (CaPaEBR)ebr10518011
|
| 035 |
|
|
|a (CaONFJC)MIL352592
|
| 035 |
|
|
|a (OCoLC)769153765
|
| 040 |
|
|
|a MiAaPQ
|c MiAaPQ
|d MiAaPQ
|
| 050 |
|
4 |
|a HD30.2
|b .S674 2012
|
| 082 |
0 |
4 |
|a 004.068/4
|2 23
|
| 100 |
1 |
|
|a Soriano, Jose Lopez.
|
| 245 |
1 |
0 |
|a Maximizing benefits from IT project management
|h [electronic resource] :
|b from requirements to value delivery /
|c Jose Lopez Soriano.
|
| 260 |
|
|
|a Boca Raton, Fla. :
|b CRC Press,
|c c2012.
|
| 300 |
|
|
|a xvi, 293 p. :
|b ill.
|
| 490 |
1 |
|
|a Advanced and emerging communications technologies series
|
| 500 |
|
|
|a "An Auerbach book."
|
| 504 |
|
|
|a Includes bibliographical references and index.
|
| 533 |
|
|
|a Electronic reproduction. Ann Arbor, MI : ProQuest, 2015. Available via World Wide Web. Access may be limited to ProQuest affiliated libraries.
|
| 650 |
|
0 |
|a Information technology
|x Management.
|
| 650 |
|
0 |
|a Information technology projects.
|
| 650 |
|
0 |
|a Project management.
|
| 655 |
|
4 |
|a Electronic books.
|
| 710 |
2 |
|
|a ProQuest (Firm)
|
| 830 |
|
0 |
|a CRC Press advanced and emerging communications technologies series.
|
| 856 |
4 |
0 |
|u https://ebookcentral.proquest.com/lib/matrademy/detail.action?docID=826937
|z Click to View
|